00573nam a2200145 a 450000100100000000500170001000800410002704000250006808200160009324500440010926000640015330000210021795201720023899900170041000003152920200930063008.0110627s19uu dr 000 0 spa d aDO-SdBNPbspacBNPHU axxxxbT595p00aTipos de mi pueblo y cosas de la costa. a[Ciudad Trujillo, República Dominicana :bs.n.,c19--? ]. a116 p. ;c17 cm. 0010718PDaPDbPDcCTd2011-06-27iLF1l0oxxxx T595pp31529-10r2020-06-25w2020-06-25yLFPDzPerteneció a la biblioteca personal de Martínez BoogZNo se presta c31021d31021